Chansons de SAKI225 - Statistiques

Statistiques générales
  • Ce quiz a été pris 13 fois
  • Le résultat moyen est 3 sur 11
Answers on the Grid
Answers color-coded by a green-red scale on the quiz's grid according to % correct below.
CHEZ MOI
200
CCC
MWANAMBOKA
REAL N*GASS ONLY
ÉCOLE
POLIAKOV
MWANAMAÏ
GRAND CHAMPION
GRAND GARÇON
CIAO
CIAO AMIGO
ARAFAT
BENDO
TRAPSTAR MOVIE
EN MODE
DANS LA VILLE
J COLE
21STORY
BB
BUNDA FAT
 
Statistiques - réponses
Réponse % Correct
BUNDA FAT
75%
CHEZ MOI
50%
MWANAMAÏ
50%
200
25%
BB
25%
CCC
25%
CIAO AMIGO
25%
EN MODE
25%
GRAND GARÇON
25%
BENDO
0%
DANS LA VILLE
0%
Aucun quiz correspondant
Distribution des résultats
% des personnes avec chaque résultat
Percentile par nombre de réponses
Votre historique - résultats
Vous n’avez pas pris ce quiz